Score 0/40 Timer 08:00
0 Plays Today
Nation % Correct
Cuba
91.9%
New Zealand
91.9%
Japan
90.9%
Australia
90.7%
Madagascar
88.9%
Iceland
88.4%
Cyprus
86.4%
Jamaica
85.1%
Bahamas
84.1%
Malta
82.8%
Barbados
82.3%
Seychelles
81.6%
Fiji
80.6%
Sri Lanka
79.5%
Antigua and Barbuda
78.8%
Trinidad and Tobago
78.5%
Maldives
77.8%
Marshall Islands
77.5%
Samoa
77.5%
Solomon Islands
77%
Nation % Correct
Nauru
77%
Dominica
76.5%
Micronesia
76.5%
Saint Lucia
76.5%
Tuvalu
75.8%
Taiwan
75.8%
Comoros
75.5%
Palau
75.3%
Philippines
75.3%
Tonga
74.7%
Grenada
73.2%
Kiribati
72.7%
Sao Tome and Principe
72.5%
Mauritius
71.5%
Vanuatu
71.5%
Cape Verde
69.9%
Bahrain
68.2%
Singapore
64.1%
Saint Kitts and Nevis
63.1%
Saint Vincent and the Grenadines
59.3%

You're not logged in!

Compare scores with friends on all Sporcle quizzes.
OR
Log In

Sporcle TV

Today on Sporcle TV


Watch our educational content, quiz creation guides, and fun videos on Sporcle TV.

Show Comments

Extras

Top Quizzes Today


Score Distribution

Paid Content

Your Account Isn't Verified!

In order to create a playlist on Sporcle, you need to verify the email address you used during registration. Go to your Sporcle Settings to finish the process.

Report this User

Report this user for behavior that violates our Community Guidelines.

Details: